Pokémon - Pokopia-Dex - Statistiken

Allgemein
  • Dieses Quiz wurde 3 mal gespielt
  • Das Durchschnittsergebnis liegt bei 152 aus 303
Antwortstatistiken
Dex-Nr. Pokémon % Korrekt
213 Abra
100%
094 Alpollo
100%
089 Arkani
100%
294 Arktos
100%
003 Bisaflor
100%
002 Bisaknosp
100%
001 Bisasam
100%
016 Blubella
100%
019 Bluzuk
100%
154 Digda
100%
155 Digdri
100%
047 Ditto
100%
014 Duflor
100%
103 Elekid
100%
104 Elektek
100%
105 Elevoltek
100%
280 Evoli
100%
151 Fluffeluff
100%
088 Fukano
100%
095 Gengar
100%
015 Giflor
100%
004 Glumanda
100%
006 Glurak
100%
005 Glutexo
100%
082 Golbat
100%
001 Hoppspross
100%
002 Hubelupf
100%
083 Iksbat
100%
214 Kadabra
100%
037 Kapoera
100%
035 Kicklee
100%
159 Kleinstein
100%
021 Knofensa
100%
153 Knuddeluff
100%
289 Kyogre
100%
106 Lapras
100%
296 Lavados
100%
156 Machollo
100%
158 Machomei
100%
164 Magbrant
100%
162 Magby
100%
163 Magmar
100%
027 Magnetilo
100%
028 Magneton
100%
029 Magnezone
100%
157 Maschock
100%
067 Meistagrif
100%
300 Mew
100%
299 Mewtu
100%
013 Myrapla
100%
093 Nebulak
100%
036 Nockchan
100%
020 Omot
100%
030 Onix
100%
003 Papungha
100%
078 Pichu
100%
149 Piepi
100%
148 Pii
100%
079 Pikachu
100%
044 Pinsir
100%
150 Pixi
100%
065 Praktibalk
100%
152 Pummeluff
100%
211 Quappo
100%
209 Quapsel
100%
210 Quaputzi
100%
212 Quaxo
100%
034 Rabauz
100%
080 Raichu
100%
023 Sarzenia
100%
043 Scherox
100%
007 Schiggy
100%
008 Schillok
100%
042 Sichlor
100%
215 Simsala
100%
050 Skaraborn
100%
031 Stahlos
100%
066 Strepoli
100%
040 Tangela
100%
041 Tangoloss
100%
011 Tauboga
100%
012 Tauboss
100%
010 Taubsi
100%
009 Turtok
100%
022 Ultrigaria
100%
293 Volcanion
100%
295 Zapdos
100%
081 Zubat
100%
271 Aerodactyl
50%
139 Akkup
50%
279 Amagarga
50%
278 Amarino
50%
252 Amphizel
50%
281 Aquana
50%
147 Arbok
50%
186 Arboretoss
50%
199 Backel
50%
276 Balgoras
50%
185 Bauz
50%
282 Blitza
50%
275 Bollterus
50%
101 Chaneira
50%
254 Dedenne
50%
133 Deponitox
50%
171 Despotar
50%
140 Donarion
50%
222 Dragonir
50%
223 Dragoran
50%
221 Dratini
50%
249 Efoserp
50%
086 Enton
50%
087 Entoron
50%
119 Farbeagle
50%
288 Feelinara
50%
264 Feliospa
50%
263 Felori
50%
283 Flamara
50%
024 Flegmon
50%
286 Folipurba
50%
268 Forgita
50%
251 Froxy
50%
046 Garados
50%
060 Gastrodon
50%
160 Georok
50%
161 Geowaz
50%
205 Gierspenst
50%
287 Glaziola
50%
270 Granforgita
50%
198 Hefel
50%
102 Heiteira
50%
298 Ho-Oh
50%
048 Hoothoot
50%
052 Illumise
50%
130 Impoleon
50%
174 Kappalores
50%
045 Karpador
50%
193 Klonkett
50%
033 Knogga
50%
272 Koknodon
50%
099 Kokowei
50%
168 Kramshef
50%
167 Kramurx
50%
258 Kranoviz
50%
259 Krarmor
50%
025 Lahmus
50%
169 Larvitar
50%
026 Laschoking
50%
097 Lektrobal
50%
173 Lombrero
50%
172 Loturzel
50%
297 Lugia
50%
138 Mabula
50%
265 Maskagato
50%
084 Mauzi
50%
073 Maxax
50%
257 Meikro
50%
071 Milza
50%
166 Mogelbaum
50%
277 Monargoras
50%
206 Monetigo
50%
195 Montecarbo
50%
285 Nachtara
50%
049 Noctuh
50%
056 Noktuska
50%
131 Ohrdoch
50%
098 Owei
50%
117 Paldea-Felino
50%
017 Paras
50%
018 Parasek
50%
124 Pelipper
50%
179 Plaudagei
50%
128 Plinfa
50%
129 Pliprin
50%
090 Porenta
50%
218 Porygon
50%
219 Porygon2
50%
220 Porygon-Z
50%
284 Psiana
50%
170 Pupitar
50%
253 Quajutsu
50%
191 Raffel
50%
290 Raikou
50%
273 Rameidon
50%
108 Relaxo
50%
146 Rettan
50%
182 Rotom
50%
063 Rotomurf
50%
059 Schalellos
50%
274 Schilterus
50%
192 Schlaraffel
50%
248 Serpifeu
50%
250 Serpiroyal
50%
072 Sharfax
50%
187 Silvarro
50%
091 Sleima
50%
092 Sleimok
50%
085 Snobilikat
50%
064 Stalobor
50%
118 Suelord
50%
269 Tafforgita
50%
032 Tragosso
50%
055 Tuska
50%
132 Unratütox
50%
075 Viscargot
50%
076 Viscogon
50%
074 Viscora
50%
051 Volbeat
50%
096 Voltobal
50%
208 Vulnona
50%
207 Vulpix
50%
194 Wagong
50%
123 Wingull
50%
100 Wonneira
50%
135 Zoroark
50%
134 Zorua
50%
127 Absol
0%
241 Altaria
0%
113 Ampharos
0%
110 Ariados
0%
202 Azugladis
0%
116 Azumarill
0%
114 Azurill
0%
137 Chillabell
0%
201 Crimanzo
0%
061 Driftlon
0%
062 Drifzepeli
0%
255 eF-eM
0%
291 Entei
0%
230 Farigiraf
0%
224 Feurigel
0%
120 Flemmli
0%
175 Flunkifer
0%
234 Galagladi
0%
229 Girafarig
0%
260 Grolldra
0%
233 Guardevoir
0%
126 Hariyama
0%
058 Honweisel
0%
188 Hopplo
0%
225 Igelavar
0%
183 Ignivor
0%
121 Jungglut
0%
262 Katapuldra
0%
189 Kickerlo
0%
232 Kirlia
0%
237 Knacklion
0%
200 Knarbon
0%
069 Laternecto
0%
239 Libelldra
0%
190 Liberlo
0%
068 Lichtel
0%
122 Lohgock
0%
181 Lucario
0%
204 Lumiflora
0%
203 Lumispross
0%
125 Makuhita
0%
107 Mampfaxo
0%
115 Marill
0%
247 Metagross
0%
246 Metang
0%
141 Mimigma
0%
236 Minun
0%
165 Mobai
0%
145 Nigiragi
0%
143 Pamamo
0%
142 Pamo
0%
144 Pamomamo
0%
216 Pantimimi
0%
217 Pantimos
0%
261 Phandra
0%
136 Picochilla
0%
235 Plusle
0%
176 Qurtel
0%
184 Ramoth
0%
197 Riffex
0%
180 Riolu
0%
054 Schlukwech
0%
053 Schluppuck
0%
070 Skelabra
0%
039 Smogmog
0%
038 Smogon
0%
292 Suicune
0%
245 Tanhel
0%
226 Tornupto
0%
196 Toxel
0%
231 Trasla
0%
227 Traunfugil
0%
228 Traunmagil
0%
256 UHaFnir
0%
077 Urgl
0%
238 Vibrava
0%
111 Voltilamm
0%
267 Voltrean
0%
266 Voltrel
0%
112 Waaty
0%
240 Wablu
0%
057 Wadribie
0%
109 Webarak
0%
178 Zirpeise
0%
177 Zirpurze
0%
244 Zwirrfinst
0%
243 Zwirrklop
0%
242 Zwirrlicht
0%
Keine übereinstimmenden Quizze gefunden
Verteilung der Resultate
Anzahl Personen mit jedem Resultat
Perzentil nach korrekt beantworteten Fragen
Ihre Resultats-Entwicklung
Sie haben dieses Quiz noch nicht gespielt